000 00911nam a2200265 i 4500
001 69017
003 ES-MaACL
005 20250819035450.0
007 t|
008 040826q19301940sp ||||1| spa d
080 _a94(460.16 P.)"17"
100 1 _aIsla, José Francisco de.
_965573
245 1 0 _aDía grande de Navarra ; Cartas de Juan de la Encina /
_cpor el P. José Francisco de Isla.
250 _a1ª ed.
260 _aMadrid :
_bRazón y Fe,
_c[entre 1930 y 1940]
300 _a193 p. ;
_c18 cm.
490 1 _aBiblioteca de clásicos amenos ;
_v10
600 0 4 _aFernando
_bVII,
_cRey de España
_950206
651 4 _aPamplona-
_xHistoria-
_yS.XVIII.
_99203
700 1 _aEncina, Juan del,
_d1469-1529
_947173
740 0 _aCartas de Juan de la Encina.
830 0 _aBiblioteca de clásicos amenos ;
_v10
_9230972
852 _aES-MaACL
_jC-4565
_bR.24267
999 _c69017
_d69017